00519nam a22001697a 450000500170000001000130001702000120003003500130004203700170005508200080007210000420008024500820012224600510020426000390025527000320029430000230032620200123114621.0 aA-374641 c6.00a- aA-374641 bBPPD/Pub.a- a921 aد ھلی ا يو ا ن ا ر د و  aا بو ا لکلا م آ ز ا د cد ھلی ا يو ا ن ا ر د و  bAbulkalam Azad (Urdu)aby Delhi Avan-e-Urdu  aDelhibMaktaba Jamia Ltd.c1988 ء aUrdu Bazar bDelhie6k-l- a290 ص c22 Cm(Hb)